000 00514nam a2200193Ia 4500
003 GCL
008 140319s9999 xx 000 0 ara d
040 _aGCL /
_cGCL
082 0 4 _a813.03
_bى د
100 1 _aيحيى حقى
245 1 0 _aدماء وطين /
_cيحيى حقى
300 _a181 ص
490 _aمكتبة الاسرة
_v0
650 0 4 _aالادب العربى
650 0 4 _aالقصص العربية
650 0 4 _aالقصص القصيرة
650 0 4 _aيحيى حقى
942 _2ddc
_cBK
999 _c50771
_d50771